Central Library OPAC University of Rajshahi

Architecture of Mughal India / (Record no. 62094)

MARC details
000 -LEADER
fixed length control field 00916nam a2200277 a 4500
001 - CONTROL NUMBER
control field 62094
003 - CONTROL NUMBER IDENTIFIER
rucl marc code BD-RjUL
005 - DATE AND TIME OF LATEST TRANSACTION
control field 20211209081037.0
008 - FIXED-LENGTH DATA ELEMENTS--GENERAL INFORMATION
fixed length control field 170122m1995 enka b 001 0 eng d
020 ## - INTERNATIONAL STANDARD BOOK NUMBER
International Standard Book Number 8185618690
035 ## - SYSTEM CONTROL NUMBER
System control number (BD-RjUL)62219
040 ## - CATALOGING SOURCE
Original cataloging agency BD-RjUL
Transcribing agency BD-RjUL
Modifying agency BD-RjUL
Language of cataloging eng
041 ## - LANGUAGE CODE
Language code of text/sound track or separate title eng
082 ## - DEWEY DECIMAL CLASSIFICATION NUMBER
Classification number 720.954
Edition number 23
Author mark and year ASN 1995
100 1# - MAIN ENTRY--PERSONAL NAME
Personal name Asher, Catherine B.
9 (RLIN) 184725
245 04 - TITLE STATEMENT
Title Architecture of Mughal India /
Statement of responsibility, etc. Catherine B Asher
260 ## - PUBLICATION, DISTRIBUTION, ETC. (IMPRINT)
Place of publication, distribution, etc. Cambridge ;
Name of publisher, distributor, etc. Cambridge University Press,
Date of publication, distribution, etc. 1995
300 ## - PHYSICAL DESCRIPTION
Pagination xxxi, 368 p. :
Illustrations ill. ;
Size 25 cm.
490 ## - SERIES STATEMENT
Series statement New Cambridge history of India ;
Volume/sequential designation no. I, 4.
504 ## - BIBLIOGRAPHY, ETC. NOTE
Bibliography, etc Includes bibliographical references and index.
650 ## - SUBJECT ADDED ENTRY--TOPICAL TERM
Topical term or geographic name as entry element Architecture, Mogul.
9 (RLIN) 184726
Topical term or geographic name as entry element Islamic architecture
Geographic subdivision India.
9 (RLIN) 184727
651 #0 - SUBJECT ADDED ENTRY--GEOGRAPHIC NAME
Geographic name India
General subdivision History.
9 (RLIN) 172810
830 ## - SERIES ADDED ENTRY--UNIFORM TITLE
Uniform title New Cambridge history of India,
Volume number/sequential designation no. I, 4.
942 ## - ADDED ENTRY ELEMENTS (KOHA)
Source of classification or shelving scheme Dewey Decimal Classification
Koha item type Books
Holdings
Lost status Source of classification or shelving scheme Damaged status Not for loan Collection code Permanent Location Current Location Shelving location Date acquired Source of acquisition Cost, normal purchase price Total Checkouts Full call number Date last seen Copy number Koha item type
  Dewey Decimal Classification   Not For Loan Non-fiction Central Library, University of Rajshahi Central Library, University of Rajshahi Reading Room 13/02/1999 Dhaka, Karim International 954.00   720.954 ASN 1995 22/01/2017 C-1 Books